01107cam a2200265 a 45000010008000000030004000080050017000120080041000290100017000700200022000870400018001090500023001270820023001501000029001732450148002022500012003502600113003623000035004755040064005106100040005746500048006146500055006626500057007176500067007743016798OSt20210107162817.0941104s1995 dcub b 001 0 eng  a 94043977  a0802808360 (pbk.) aDLCcDLCdDLC00aBJ1250b.W432 199500a241/.62/0882192201 aWebster, Alexander F. C.14aThe price of prophecy :bOrthodox churches on peace, freedom, and security /cby Alexander F.C. Webster ; foreword by George Huntston Williams. a2nd ed. aWashington, D.C. :bEthics and Public Policy Center ;aGrand Rapids, Mich. :bW.B. Eerdmans Pub. Co.,c1995. axviii, 388 p. :bmap ;c23 cm. aIncludes bibliographical references (p. 336-371) and index.20aOrthodox Eastern ChurchxDoctrines. 0aChristian ethicsxOrthodox Eastern authors. 0aPeacexReligious aspectsxOrthodox Eastern Church. 0aLibertyxReligious aspectsxOrthodox Eastern Church. 0aNational securityxReligious aspectsxOrthodox Eastern Church.